Tratado Latinoamericano de sociología del trabajo /
En el presente artículo se identifican los modelos de desarrollo en controversia: El que permitió la modernización de la región por medio de la industrialización por sustitución de importaciones, acompañado por el sistema político identificado como populismo y por una relación del Estado con los act...
Na minha lista:
| Autor principal: | |
|---|---|
| Autores Corporativos: | , |
| Outros Autores: | |
| Formato: | Texto |
| Publicado em: |
México, D.F:
El Colegio México
|
| Assuntos: | |
| Tags: |
Adicionar Tag
Sem tags, seja o primeiro a adicionar uma tag!
|
MARC
| LEADER | 00000 a a2200000 04500 | ||
|---|---|---|---|
| 001 | 26870 | ||
| 003 | |||
| 040 | |||
| 020 | |a 968-16-6026-9 | ||
| 090 | |a 146615 | ||
| 100 | |a Garza Toledo, Enrique de la | ||
| 110 | |a FLACSO | ||
| 245 | |a Tratado Latinoamericano de sociología del trabajo / |c FLACSO | ||
| 260 | |a México, D.F: |b El Colegio México | ||
| 300 | |a 796 p | ||
| 520 | |a En el presente artículo se identifican los modelos de desarrollo en controversia: El que permitió la modernización de la región por medio de la industrialización por sustitución de importaciones, acompañado por el sistema político identificado como populismo y por una relación del Estado con los actores laborales basada en relaciones corporativas, y su transformación al régimen neoliberal..En la identificación de estas etapas se trata de apreciar la relación del Estado con el actor del movimiento sindical.DOC/WMVEn el presente artículo se identifican los modelos de desarrollo en controversia: El que permitió la modernización de la región por medio de la industrialización por sustitución de importaciones, acompañado por el sistema político identificado como populismo y por una relación del Estado con los actores laborales basada en relaciones corporativas, y su transformación al régimen neoliberal..En la identificación de estas etapas se trata de apreciar la relación del Estado con el actor del movimiento sindical.DOC/WMV | ||
| 650 | |a POLITICA | ||
| 650 | |a DEMOCRACIA | ||
| 650 | |a SISTEMAS POLITICOS | ||
| 650 | |a ASPECTOS POLITICOS | ||
| 650 | |a ESTADO | ||
| 650 | |a PARTICIPACION DEL ESTADO | ||
| 650 | |a SINDICALISMOS | ||
| 650 | |a COOPERATIVAS | ||
| 650 | |a MOVIMIENTOS COOPERATIVOS | ||
| 650 | |a MOVIMIENTOS OBREROS | ||
| 650 | |a PARTICIPACION DE LOS TRABAJADORES | ||
| 650 | |a REPRESENTACION DE LOS TRABAJADORES | ||
| 650 | |a RELACIONES L | ||
| 700 | |a coord | ||
| 710 | |a El Colegio de México |a Universidad Autónoma Metropolitana |a Fondo de Cultura Económica | ||
| 999 | |c 2645 |d 2645 | ||



